00590nam a2200181 a 450000100100000000500170001000800410002704000250006808200150009310000220010824500580013026000360018830000190022450400260024304900090026995201130027899900170039100002830820200930031527.0110407s1991 dr 000 0 spa d aDO-SdBNPbspacBNPHU axxxbC392c1 aCela, Jorge9788714aUna ciudad con participación popular /cJorge Cela. aSanto Domingo :bTaller,c1991. a39 p. ;c21 p. aBibliografías p. 39 aBNPD 0010718PDaPDbPDcCTd2011-04-07iLF1l0oxxx C392cp28308-10r2020-06-25w2020-06-25yLFPDZNo se presta c27800d27800